Logo BPK

Biblioteka

Politechniki Koszalińskiej

Ästhetische und rhetorische Kommunikation / (Rekord nr 50381)

Szczegóły MARC
000 -ETYKIETA REKORDU
podpole kontrolne o stałej długości 00658nam a2200229 i 4500
001 - NUMER KONTROLNY REKORDU
pole kontrolne bgj
040 ## - ŹRÓDŁO KATALOGOWANIA
Instytucja, która utworzyła rekord BPK
041 0# - KOD JĘZYKA
Kod języka tekstu ger
044 ## - KOD KRAJU WYDAWCY/PRODUCENTA
Kod kraju wydawcy/producenta DEU
080 ## - UNIWERSALNA KLASYFIKACJA DZIESIĘTNA - UKD
UKD 81'1
008 - POLE O STAŁEJ DŁUGOŚCI - DANE KONTROLNE
podpole kontrolne o stałej długości s gw f |000 0 ger
245 1# - TYTUŁ/ODPOWIEDZIALNOŚĆ
Tytuł Ästhetische und rhetorische Kommunikation /
Pozostałe elementy strefy tytułu i oznaczenia odpowiedzialności [Festschrift für Irmgard Weithase ; hrsg. von Wilhelm L. Höffe].
260 ## - STREFA ADRESU WYDAWNICZEGO
Miejsce wydania Ratingen :
Nazwa wydawcy/dystrybutora A. Henn Verlag,
Data publikacji, dystrybucji/powstania dokumentu 1973.
300 ## - STREFA OPISU FIZYCZNEGO
Objętość 136 s. ;
Rozmiary 24 cm.
490 1# - STREFA SERII I DOKUMENTU WIELOCZĘŚCIOWEGO - FORMA NIE DO WYSZUKIWANIA
Tytuł i oznaczenie odpowiedzialności serii Sprache und Sprechen
Numeracja w obrębie serii Bd. 4
504 ## - UWAGA DOTYCZĄCA BIBLIOGRAFII
Informacje o bibliografii Bibliogr. s. 135-136.
650 9# - HASŁO PRZEDMIOTOWE W FORMIE NAZWY OGÓLNEJ LUB JEDNOSTKOWEJ
Nazwa ogólna lub geograficzna Językoznawstwo
700 1# - HASŁO DODATKOWE - NAZWA OSOBOWA
Nazwa osobowa HÖFFEL, Wilhelm L.
700 1# - HASŁO DODATKOWE - NAZWA OSOBOWA
Nazwa osobowa WEITHASE, Ingrid.
830 ## - HASŁO DODATKOWE SERII LUB DOKUMENTU WIELOCZĘŚCIOWEGO - TYTUŁ UJEDNOLICONY
Tytuł ujednolicony Sprache und Sprechen
942 ## - DODATKOWE ELEMENTY (KOHA)
Typ dokumentu Książka
Egzemplarze
Wycofany Status egzemplarza Uszkodzony Dostępność Lokalizacja stała Lokalizacja bieżąca Miejsce przechowywania Sygnatura Kod kreskowy Typ dokumentu
      Tylko na miejscu Biblioteka Politechniki Koszalińskiej Biblioteka Politechniki Koszalińskiej Czytelnia Wydziałowa ul. Kwiatkowskiego 6e N 287 02437415 Książka
© 2023 Biblioteka Politechniki Koszalińskiej :: KOHA